Water for the recovery of the climate <a> new water paradigm

Salvato in:
Dettagli Bibliografici
Autore principale: Kravčík, Michal
Altri autori: Pokorný, Jan, Kohutiar, Juraj
Natura: Libro
Lingua:inglese
Pubblicazione: [Košice] [NGO People and Water] 2008
Soggetti:
Tags: Aggiungi Tag
Nessun Tag, puoi essere il primo ad aggiungerne!!

MARC

LEADER 00000nam a2200000 4500
001 0166449
005 20230220124232.5
020 |a 978-80-89089-71-0 
041 0 |a eng 
044 |a SK 
245 1 0 |a Water for the recovery of the climate  |b <a> new water paradigm  |c M. Kravčík ... [et al.] 
264 1 |a [Košice]  |b [NGO People and Water]  |c 2008 
300 |a 122 s. 
610 2 0 |a voda 
610 2 0 |a voda povrchová 
610 2 0 |a voda podzemná 
610 2 0 |a toky vodné 
610 2 0 |a energia tepelná 
610 2 0 |a podnebie 
610 2 0 |a energia slnečná 
610 2 0 |a pôda poľnohospodárska 
610 2 0 |a lesy 
610 2 0 |a ekológia krajiny 
610 2 0 |a prostredie krajinné 
610 2 0 |a prostredie prírodné 
610 2 0 |a mestá 
610 2 0 |a zmeny klimatické 
100 1 |a Kravčík, Michal 
700 1 |a Pokorný, Jan 
700 1 |a Kohutiar, Juraj